TB OF PATHOLOGY (Record no. 1228)

MARC details
000 -LEADER
fixed length control field 00309nam a2200133Ia 4500
008 - FIXED-LENGTH DATA ELEMENTS--GENERAL INFORMATION
fixed length control field 150201s2004 xx 000 0 und d
082 ## - DEWEY DECIMAL CLASSIFICATION NUMBER
Classification number 616.07
Item number P04D
100 ## - MAIN ENTRY--PERSONAL NAME
Personal name DATTA,B.N.
245 ## - TITLE STATEMENT
Title TB OF PATHOLOGY
250 ## - EDITION STATEMENT
Edition statement 2ND
260 ## - PUBLICATION, DISTRIBUTION, ETC. (IMPRINT)
Name of publisher, distributor, etc. JAYPEE BROTHERS
Place of publication, distribution, etc. DELHI
Date of publication, distribution, etc. 2004
650 ## - SUBJECT ADDED ENTRY--TOPICAL TERM
Topical term or geographic name as entry element PATHOLOGY
942 ## - ADDED ENTRY ELEMENTS (KOHA)
Source of classification or shelving scheme Dewey Decimal Classification
Koha item type Books
Holdings
Withdrawn status Lost status Source of classification or shelving scheme Damaged status Not for loan Collection code Home library Current library Shelving location Date acquired Source of acquisition Cost, normal purchase price SGTU Bill Number Total Checkouts Full call number Barcode Date last seen Date last checked out Bill Date Koha item type
    Dewey Decimal Classification     MEDICAL SGT Medical Library SGT Medical Library Text Book 30/12/2010 U.B.S. DELHI 1295.00 SGTU 762 1 616.07 P04D FM4662 25/12/2017 25/12/2017 30/12/2010 Books
    Dewey Decimal Classification     MEDICAL SGT Medical Library SGT Medical Library Text Book 30/12/2010 U.B.S. DELHI 1295.00 SGTU 762   616.07 P04D FM4663 09/02/2015   30/12/2010 Books
    Dewey Decimal Classification     MEDICAL SGT Medical Library SGT Medical Library Text Book 30/12/2010 U.B.S. DELHI 1295.00 SGTU 762   616.07 P04D FM4664 09/02/2015   30/12/2010 Books
    Dewey Decimal Classification     MEDICAL SGT Medical Library SGT Medical Library Text Book 30/12/2010 U.B.S. DELHI 1295.00 SGTU 762   616.07 P04D FM4665 09/02/2015   30/12/2010 Books
    Dewey Decimal Classification     MEDICAL SGT Medical Library SGT Medical Library Text Book 30/12/2010 U.B.S. DELHI 1295.00 SGTU 762 2 616.07 P04D FM4666 20/11/2019 16/11/2019 30/12/2010 Books